| 000 | 00800nam a22001337a 4500 | ||
|---|---|---|---|
| 040 | _cRUA | ||
| 082 | _aAGR BB RIN 2010 B061 Or.1 | ||
| 100 | _aRIN NARITH | ||
| 245 | _aComparison of water level on tranplanting rice growing in dry season at kompingpouy agricultural development center in battambang province, (ប្រៀបធៀបកម្រិតទឹកទៅលើស្រូវសន្ទូងក្នុងលក្ខខណ្ឌរដូវប្រំាងនៅមណ្ឌលអភិវឌ្ឍន៍កសិកម្មកំពីងពួយ ខេត្តបាត់ដំបង) | ||
| 260 |
_aphnom penh _bRUA _c2010 |
||
| 300 |
_axi, 53p. _bill. _c29cm. |
||
| 856 | _uhttps://drive.google.com/file/d/1s8ucN8Wrr-ZjQC6McMhc7XyPcLGlSHyt/view?usp=sharing | ||
| 942 | _cAGRBB | ||
| 999 |
_c1464 _d1464 |
||